De la fe nace la exégesis: la interpretación de la Escritura a la luz de la historia de la investigación sobre el Antiguo Testamento
Uloženo v:
| Hlavní autor: | |
|---|---|
| Médium: | Kniha |
| Jazyk: | španělština |
| Vydáno: |
Pamplona, España:
Verbo Divino,
2011.
|
| Vydání: | 1a. ed |
| Edice: | Estudios Bíblicos, 43
|
| Témata: | |
| Tagy: |
Přidat tag
Žádné tagy, Buďte první, kdo vytvoří štítek k tomuto záznamu!
|
MARC
| LEADER | 00000cam a2200000 a 4500 | ||
|---|---|---|---|
| 001 | UCF1418 | ||
| 003 | CL-VaPUC | ||
| 005 | 20241211161808.0 | ||
| 008 | 120706e20110000SP |||||||||||||||||spa|d | ||
| 999 | |c 348213 |d 348211 | ||
| 020 | |a 9788499451763 | ||
| 040 | |c Pontificia Universidad Católica de Valparaíso | ||
| 082 | 0 | 4 | |a 220.6 |b CAR |2 21 |
| 100 | |a Carbajosa Pérez, Ignacio |e autor |9 562963 | ||
| 245 | 1 | 0 | |a De la fe nace la exégesis: la interpretación de la Escritura a la luz de la historia de la investigación sobre el Antiguo Testamento |
| 250 | |a 1a. ed | ||
| 260 | |a Pamplona, España: |b Verbo Divino, |c 2011. | ||
| 300 | |a 255 páginas | ||
| 490 | 0 | |a Estudios Bíblicos, 43 | |
| 583 | |a last modification |c 20130422 11:29:25 |k Rodrigo Vera | ||
| 650 | 0 | |a Biblia |9 894782 |x Antiguo testamento |x Crítica e interpretación |x Profetas | |
| 942 | |c BK |2 ddc | ||
| 945 | |d 20120706 00:00:00 |a cmena | ||
| 952 | |0 0 |1 0 |4 0 |6 220_600000000000000_CAR_2011 |7 0 |8 A |9 450148 |a BIBTEO |b BIBTEO |d 2019-11-22 |i 4880528 |o 220.6 CAR 2011 |p 4880528 |r 2025-01-17 |w 2019-11-22 |y BK |k ICR | ||
| 952 | |0 0 |1 0 |4 0 |6 220_600000000000000_CAR_2011 |7 0 |8 A |9 450149 |a BIBTEO |b BIBTEO |d 2019-11-22 |i 4880536 |o 220.6 CAR 2011 |p 4880536 |r 2025-01-17 |w 2019-11-22 |y BK |k ICR | ||
| 952 | |0 0 |1 0 |4 0 |6 220_600000000000000_CAR_2011 |7 0 |8 A |9 450150 |a BIBTEO |b BIBTEO |d 2019-11-22 |i 4967097 |o 220.6 CAR 2011 |p 4967097 |r 2025-01-17 |w 2019-11-22 |y BK |k ICR | ||
| 952 | |0 0 |1 0 |4 0 |6 220_600000000000000_CAR_2011 |7 0 |8 A |9 450151 |a BIBTEO |b BIBTEO |d 2019-11-22 |i 4967135 |l 1 |m 2 |o 220.6 CAR 2011 |p 4967135 |r 2025-01-17 |s 2022-06-08 |w 2019-11-22 |y BK |k ICR | ||
| 952 | |0 0 |1 0 |3 erb |4 0 |6 220_600000000000000_CAR_2011 |7 0 |8 A |9 450152 |a BIBTEO |b BIBTEO |d 2019-11-22 |i 5000696 |o 220.6 CAR 2011 |p 5000696 |r 2025-01-17 |w 2019-11-22 |y BK |z Catalogado en:20130829 |k ICR | ||
| 952 | |0 0 |1 0 |3 erb |4 0 |6 220_600000000000000_CAR_2011 |7 0 |8 A |9 450153 |a BIBTEO |b BIBTEO |i 5372577 |o 220.6 CAR 2011 |p 5372577 |r 2025-01-17 |w 2019-11-22 |y BK |z Catalogado en:20170414 |k ICR | ||